Junge Bundesländer Gibt es wirtschaftspolitische Alternativen?

Gespeichert in:
Bibliographische Detailangaben
1. Verfasser: Siebert, Horst
Format: Buch
Sprache:Deutsch
Veröffentlicht: Kiel Institut für Weltwirtschaft 1993
Ausgabe:1. Aufl.
Schriftenreihe:Kieler Diskussionsbeiträge 200
Schlagworte:
Tags: Tag hinzufügen
Keine Tags, Fügen Sie das erste Tag hinzu!

MARC

LEADER 00000nam a2200000 4500
001 c005307
005 20221214084019.4
020 |a 3-89456-041-X 
041 0 |a ger 
044 |a DE 
245 1 0 |a Junge Bundesländer  |b Gibt es wirtschaftspolitische Alternativen?  |c Horst Siebert 
250 |a 1. Aufl. 
264 1 |a Kiel  |b Institut für Weltwirtschaft  |c 1993 
300 |a 16 s. 
490 1 |a Kieler Diskussionsbeiträge  |v 200 
830 0 |a Kieler Diskussionsbeiträge  |v 200 
610 2 0 |a východné Nemecko 
610 2 0 |a kraje 
610 2 0 |a politika hospodárska 
610 2 0 |a stratégia hospodárska 
610 2 0 |a podnik 
610 2 0 |a rast hospodársky 
610 2 0 |a politika priemyselná 
610 2 0 |a privatizácia 
100 1 |a Siebert, Horst